Ninian Smart - Statistics

General Stats
  • This quiz has been taken 5 times
  • The average score is 3 of 7
Answer Stats
Hint Answer % Correct
2. ritual
100%
3. dogmatiska
50%
7. materiella
50%
1. mytiska
50%
5. etiska
0%
4. kensluliga
0%
6. sosiala
0%
No matching quizzes found
Score Distribution
Percent of People with Each Score
Percentile by Number Answered
Your Score History
You have not taken this quiz